000 00566cam a22002053a 4500
001 43248
003 PGUSA
005 20140828084001.0
008 130719s2013||||xxu|||||s|||||000 | eng d
040 _aPGUSA
_beng
042 _adc
100 1 _aUnknown
245 1 0 _aLittle Playfellows :
_b: Sugar Plum Series
_h[electronic resource] /
_cUnknown
260 _bProject Gutenberg,
_c2013
506 _aPublic domain in the USA.
516 _aElectronic text
830 0 _aProject Gutenberg
_v43248
856 4 0 _uhttp://www.gutenberg.org/ebooks/43248
942 _cEB
999 _c272499
_d272499